| 000 | 00852nam a2200241 i 4500 | ||
|---|---|---|---|
| 001 | 13451 | ||
| 003 | ES-MaACL | ||
| 005 | 20240319164210.0 | ||
| 007 | t| | ||
| 008 | 980407s1997 sp ||||1| spa d | ||
| 020 | _a84-7812-44-1-1 | ||
| 080 | _a821.134.2 Machado, Manuel (064.3) | ||
| 080 | _a929 Machado, Manuel (064.3) | ||
| 245 | 0 | 0 |
_aManuel Machado, poeta modernista _b: (a los cincuenta años de su muerte) : [exposición, Museo Municipal, noviembre 1997 - enero 1998]. |
| 260 |
_aMadrid : _bMuseo Municipal de Madrid, _c1997. |
||
| 300 |
_a112 p. : _bil. ; _c30 cm. |
||
| 600 | 1 | 4 |
_aMachado, Manuel, _d1874-1947- _vExposiciones _975163 |
| 655 | 7 |
_2tgfbne _9193628 _aCatálogos de exposiciones |
|
| 710 | 2 |
_aMuseo Municipal de Madrid _95892 |
|
| 852 |
_aES-MaACL _jL-20832 _bR.126512 |
||
| 942 | _2udc | ||
| 999 |
_c13451 _d13451 |
||